|
|
|
|
| LEADER |
01459nam a2200301 a 4500 |
| 001 |
11817705 |
| 008 |
091121s2000 maua b 001 0 eng d |
| 010 |
|
|
|a \\\99056092
|
| 020 |
|
|
|a 0072903872 (alk. paper)
|
| 040 |
|
|
|a DLC
|c DLC
|d DLC
|
| 082 |
0 |
0 |
|a 337
|2 21
|
| 100 |
1 |
|
|a Pugel, Thomas A.
|
| 245 |
1 |
0 |
|a International economics /
|c Thomas A. Pugel, Peter H. Lindert.
|
| 250 |
|
|
|a 11th ed.
|
| 260 |
|
|
|a Boston :
|b McGraw-Hill,
|c c2000.
|
| 300 |
|
|
|a xxiii, 709 p. :
|b ill. (some col.) ;
|c 24 cm.
|
| 500 |
|
|
|a Lindert's name appeared first on earlier ed.
|
| 504 |
|
|
|a Includes bibliographical references (p. 690-700) and index.
|
| 541 |
1 |
|
|e 00011087
|
| 650 |
|
0 |
|a International economic relations.
|
| 650 |
|
0 |
|a Commercial policy.
|
| 650 |
|
0 |
|a Foreign exchange.
|
| 700 |
1 |
|
|a Lindert, Peter H.
|
| 852 |
4 |
|
|a Ayesha Abed Library
|j General shelf
|
| 999 |
|
|
|c 5654
|d 5654
|
| 952 |
|
|
|0 0
|1 0
|2 ddc
|4 0
|6 337_PUG
|7 0
|9 5572
|a BRACUL
|b BRACUL
|c GEN
|d 2009-11-21
|g 0.00
|l 6
|m 56
|o 337 PUG
|p 3010011087
|r 2014-12-28
|s 2014-11-23
|t 1
|w 2009-11-21
|y BK
|x No price found in the accession register.
|
| 952 |
|
|
|0 0
|1 0
|2 ddc
|4 1
|6 337_000000000000000_PUG
|7 0
|9 5573
|a BRACUL
|b BRACUL
|c SPS
|d 2009-11-21
|g 0.00
|l 0
|o 337 PUG
|p 3010011051
|r 2009-11-21
|t 2
|w 2009-11-21
|y BK
|x No price found in the accession register.
|
| 952 |
|
|
|0 0
|1 0
|2 ddc
|4 1
|6 337_000000000000000_PUG
|7 0
|9 5574
|a BRACUL
|b BRACUL
|c SPS
|d 2009-11-21
|g 0.00
|l 0
|o 337 PUG
|p 3010011044
|r 2009-11-21
|t 3
|w 2009-11-21
|y BK
|x No price found in the accession register.
|